Dictionarivm Nominvm Propriorvm Virorvm, Mvlierum, Populorum, Idolorum, Vrbium, Fluuiorum, Montium, caeterorumq, locorum, quae passim apud melioris notae authores leguntur. Liber longe auctior, quam is qui Elucidarius poeticus uulgo inscribitur, ad intelligendos Poetas, Oratores, ac Historiographos non solum utilis, uerum etiam necessarius

Bibliographic Details
Main Author: Estienne, Robert I., 1503-1559 (Author, Author of introduction, etc.)
Other Authors: Fabritius, Walther, zomrel 1589 (Printer)
Format: Book
Language:Latin
PhysicalDescription:A8-L8, Aa8-Zz8, Aaa8-Mmm8, Nn4, 468 listov 8° 17x11,5 cm
Subjects:

MARC

LEADER 00000nam a2200000 a 4500
001 vtls008865963
003 SK-MaSNL
005 20260302055908.0
008 251124s1554 gw 0 0 lat
015 |a SNBHFA 
035 |a cpl000126736 
040 |a SNKHF  |b slo  |c SNKHF  |e rda 
041 0 |a lat 
044 |a gw  |c DE 
072 7 |a 811.124  |x Latinčina  |2 konspekt 
080 |a 811.124  |2 2011 
080 |a (038)  |2 2011 
100 1 |a Estienne, Robert  |b I.,  |d 1503-1559  |4 aut  |4 aui  |9 127528 
245 1 0 |a Dictionarivm Nominvm Propriorvm Virorvm, Mvlierum, Populorum, Idolorum, Vrbium, Fluuiorum, Montium, caeterorumq, locorum, quae passim apud melioris notae authores leguntur. Liber longe auctior, quam is qui Elucidarius poeticus uulgo inscribitur, ad intelligendos Poetas, Oratores, ac Historiographos non solum utilis, uerum etiam necessarius 
264 3 |a Coloniae Agrippinae  |b Excudebatur Gualthero Fabricio I.L.  |c MDLIIII (1554) 
300 |a A8-L8, Aa8-Zz8, Aaa8-Mmm8, Nn4, 468 listov  |c 8°  |c 17x11,5 cm 
336 |a text  |b txt  |2 rdacontent 
337 |a bez média  |b n  |2 rdamedia 
338 |a zväzok  |b nc  |2 rdacarrier 
500 |a Signet, iniciálka s figurálnym pozadím v rámčeku na 7 riadkov, kustódy 
508 |a Predslov 
510 4 |a BNP 48/478 
561 |a Proveniencia: Ex libris Georgij Joannij Christophori Zarij 1672. - pečiatka Museálna Slovenská Spoločnosť.  |5 SNK ID 61208 
563 |a Väzba: renesančná, kožená s ornamentálnou slepotlačou, poškodené spony.  |5 SNK ID 61208 
650 0 7 |a latinčina  |2 SNKPH  |9 3501 
655 7 |a slovníky  |2 SNKPH  |9 70413 
700 1 |a Fabritius, Walther,  |d zomrel 1589  |4 prt  |9 178844 
700 1 |a Zarius, Georgius Joannes Christophor  |d 1672  |4 fmo  |9 716861 
710 2 |a Muzeálna slovenská spoločnosť (Martin, Slovensko)  |4 fmo  |9 33033 
752 |a Nemecko  |d Kolín nad Rýnom 
852 |a snk  |h ID 61208 
958 |a DA 
958 |a ONDV 
999 |c 1119113  |d 1121043 
952 |t Tlače 16. storočia  |a SNK  |b SNK  |c SNK_HF  |y PREZ  |7 0  |p 17A1359063  |o snkID 61208  |i snkF 3198/73  |0 0  |1 0  |4 0  |d 2021-06-08  |f 1  |l 0  |r 2026-02-24 18:26:21  |w 2026-02-24